[Event "Titled Tuesday intern op 09th Feb"]
[Site "Chess.com INT"]
[Date "2021.02.09"]
[Round "8"]
[White "Diaz Vera, Julio Cesar"]
[Black "Buksa, Nataliya"]
[Result "1/2-1/2"]
[WhiteElo "2206"]
[BlackElo "2419"]
[PlyCount "114"]
[EventDate "2021.02.09"]
[EventType "swiss (blitz)"]
[EventRounds "11"]
[EventCountry "USA"]
[SourceTitle "EXT 2022"]
[Source "ChessBase"]
[SourceDate "2021.10.06"]
[SourceVersion "1"]
[SourceVersionDate "2021.10.06"]
[SourceQuality "1"]

1. c4 e6 2. g3 Nf6 3. Bg2 d5 4. Nf3 Be7 5. 0-0 0-0 6. d4 dxc4 7. Ne5 c5 8. dxc5 Qc7 9. Nxc4 Rd8 10. Qc2 Nc6 11. Nd6 Nd4 12. Qd3 Bxd6 13. cxd6 Qxd6 14. Nc3 e5 15. Bg5 Bf5 16. Qd1 h6 17. Bxf6 Qxf6 18. Nd5 Qd6 19. e3 Nc6 20. Rc1 e4 21. Nf4 Qe5 22. Qb3 Na5 23. Qa3 b6 24. b4 Nb7 25. h4 a5 26. h5 Bg4 27. Rc6 Nd6 28. bxa5 bxa5 29. Rfc1 Rac8 30. Rxc8 Rxc8 31. Rxc8+ Nxc8 32. Qb3 Nd6 33. Qb8+ Kh7 34. Qa7 Bf3 35. Bxf3 exf3 36. Qd4 Qxd4 37. exd4 g5 38. hxg6+ fxg6 39. Kf1 g5 40. Ne6 Kg6 41. Ke1 h5 42. Kd2 Kf6 43. Nc5 Nf5 44. Kd3 h4 45. gxh4 gxh4 46. Ke4 h3 47. Kxf3 Nxd4+ 48. Kg3 Ne2+ 49. Kxh3 Nc3 50. a4 Ke5 51. Kg3 Kd5 52. Nb3 Nxa4 53. Nxa5 Nc5 54. f4 Ke6 55. Kg4 Kf6 56. Nc4 Ne6 57. Ne5 Nxf4 1/2-1/2

[Event "Titled Tuesday intern op 09th Feb"]
[Site "Chess.com INT"]
[Date "2021.02.09"]
[Round "5"]
[White "Diaz Vera, Julio Cesar"]
[Black "Korchmar, Vasiliy"]
[Result "1-0"]
[WhiteElo "2206"]
[BlackElo "2451"]
[PlyCount "67"]
[EventDate "2021.02.09"]
[EventType "swiss (blitz)"]
[EventRounds "11"]
[EventCountry "USA"]
[SourceTitle "EXT 2022"]
[Source "ChessBase"]
[SourceDate "2021.10.06"]
[SourceVersion "1"]
[SourceVersionDate "2021.10.06"]
[SourceQuality "1"]

1. c4 c6 2. e4 d5 3. exd5 cxd5 4. cxd5 Nf6 5. Qa4+ Nbd7 6. Nc3 g6 7. Bc4 Bg7 8. d3 0-0 9. Nf3 a6 10. Qa3 Nb6 11. Qb3 Bg4 12. Ne5 Bf5 13. 0-0 Nxc4 14. dxc4 Nxd5 15. Nxf7 Rxf7 16. cxd5 b5 17. Be3 Bd3 18. Rfd1 Bc4 19. Qb4 a5 20. Qc5 Rc8 21. Qb6 b4 22. Na4 Qe8 23. Nc5 Bxb2 24. Rab1 Bc3 25. Qxa5 Ra8 26. Qb6 Bxa2 27. Rbc1 Rb8 28. Qe6 Kg7 29. Rxc3 bxc3 30. Bd4+ Rf6 31. Bxc3 Rc8 32. Qe3 Bc4 33. Ne4 Qf7 34. d6 1-0

[Event "Titled Tuesday intern op 09th Feb"]
[Site "Chess.com INT"]
[Date "2021.02.09"]
[Round "6"]
[White "Diaz Vera, Julio Cesar"]
[Black "Vysochin, Spartak"]
[Result "1-0"]
[WhiteElo "2206"]
[BlackElo "2503"]
[PlyCount "95"]
[EventDate "2021.02.09"]
[EventType "swiss (blitz)"]
[EventRounds "11"]
[EventCountry "USA"]
[SourceTitle "EXT 2022"]
[Source "ChessBase"]
[SourceDate "2021.10.06"]
[SourceVersion "1"]
[SourceVersionDate "2021.10.06"]
[SourceQuality "1"]

1. c4 e5 2. g3 Nf6 3. Bg2 h6 4. Nf3 e4 5. Ng1 d5 6. cxd5 Qxd5 7. Nc3 Qe5 8. Nxe4 Nxe4 9. Qa4+ Nc6 10. Qxe4 Qxe4 11. Bxe4 Bd7 12. Nf3 0-0-0 13. 0-0 f5 14. Bb1 g5 15. a3 Bg7 16. d3 Rhe8 17. e3 Na5 18. Ba2 Bb5 19. d4 Bxf1 20. Kxf1 Nc6 21. Bd2 Ne7 22. Be6+ Kb8 23. Bb4 f4 24. gxf4 gxf4 25. exf4 Nd5 26. f5 Nxb4 27. axb4 Bxd4 28. Nxd4 Rxd4 29. b5 Rb4 30. Ra3 Rxb5 31. Bd7 Rbe5 32. Bxe8 Rxe8 33. Kg2 Rf8 34. Rf3 c5 35. Kg3 Kc7 36. Kg4 b5 37. f6 a5 38. Kh5 c4 39. Kxh6 Kc6 40. Kg7 Ra8 41. f7 b4 42. f8Q Rxf8 43. Rxf8 a4 44. h4 b3 45. Ra8 Kb5 46. h5 c3 47. bxc3 b2 48. Rb8+ 1-0

[Event "Titled Tuesday intern op 09th Feb"]
[Site "Chess.com INT"]
[Date "2021.02.09"]
[Round "11"]
[White "Turzo, Attila"]
[Black "Diaz Vera, Julio Cesar"]
[Result "1-0"]
[WhiteElo "2302"]
[BlackElo "2206"]
[PlyCount "77"]
[EventDate "2021.02.09"]
[EventType "swiss (blitz)"]
[EventRounds "11"]
[EventCountry "USA"]
[SourceTitle "EXT 2022"]
[Source "ChessBase"]
[SourceDate "2021.10.06"]
[SourceVersion "1"]
[SourceVersionDate "2021.10.06"]
[SourceQuality "1"]

1. d4 Nf6 2. Nf3 e6 3. Bf4 c5 4. e3 Qb6 5. Nc3 Qxb2 6. Nb5 Na6 7. Be2 Nd5 8. 0-0 Nc3 9. Nxc3 Qxc3 10. d5 Nb4 11. dxe6 fxe6 12. Ne5 Qxc2 13. Qe1 Be7 14. Rc1 Qxa2 15. Bh5+ g6 16. Nxg6 hxg6 17. Bxg6+ Kd8 18. Qxb4 b6 19. Qc3 Rf8 20. Rfd1 Bb7 21. Rd2 Qa4 22. Rcd1 Bc6 23. Qe5 Rxf4 24. exf4 Kc8 25. f5 Kb7 26. f6 Bf8 27. f3 Qb5 28. Be4 d5 29. Bd3 Qb4 30. Qxe6 c4 31. Bf5 Bc5+ 32. Kh1 a5 33. Rxd5 Bxd5 34. Qxd5+ Ka7 35. Be4 Rb8 36. Qd7+ Ka6 37. Qc7 Rf8 38. Bb7+ Kb5 39. Qc6# 1-0